Joueurs de l'AS Nancy Lorraine depuis la saison 2005-2006 - Statistiques

Statistiques générales
  • Ce quiz a été pris 140 fois
  • Le résultat moyen est 39 sur 162
Statistiques - réponses
Postes Joueurs % Correct
A Issiar Dia
76%
M Abou Ba
74%
A Youssouf Hadji
70%
M Benoit Pedretti
66%
M Amine Bassi
60%
G Guy Roland Ndy Assembé
60%
D Clément Lenglet
59%
D Sébastien Puygrenier
59%
G Baptiste Valette
57%
D Mickaël Chrétien
55%
Q Paul Nardi
53%
G Genarro Bracigliano
51%
A Kim
51%
G Damien Grégorini
49%
M Alou Diarra
48%
A Maurice-Junior Dalé
47%
A Moncef Zerka
47%
D Vincent Muratori
46%
M Bocundji Ca
45%
G Sergey Chernik
44%
D Jonathan Brison
43%
G Martin Sourzac
43%
D Saliou Ciss
43%
D André Luiz
42%
D Joffrey Cuffaut
41%
A Mickaël Biron
39%
M Benjamin Gavanon
38%
M Vincent Marchetti
37%
A Benjamin Moukandjo
36%
A Malaly Dembélé
36%
A Mana Dembélé
36%
D Pape Diakhaté
36%
M Pascal Berenguer
36%
A Vagner Dias
36%
M Yohan Mollo
36%
A Gaston Curbelo
35%
M Youssef Aït Benasser
35%
A Alexis Busin
33%
G Geoffrey Jourdren
33%
M Jeff Louis
33%
M Antony Robic
32%
D Frédéric Biancalani
32%
A Djamel Bakar
31%
A Marama Vahirua
31%
M Arnaud Lusamba
30%
M Landry N'Guemo
30%
D Damian Macaluso
29%
D Ernest Seka
29%
D Joel Sami
29%
M Karim Coulibaly
29%
M Rémi Walter
29%
D Séga Coulibaly
29%
M Thomas Ayasse
29%
M Thomas Mangani
29%
D Cédric Lécluse
28%
M Julien Cétout
28%
A Pape Sané
28%
D Salif Sané
28%
M Bakaye Traoré
27%
D Giovanni Haag
27%
M Julien Féret
27%
A Marc-Antoine Fortuné
27%
D Modou Diagne
27%
G Brice Samba
26%
M Jérémy Clément
26%
M Laurent Abergel
26%
G Olivier Sorin
26%
D Souleymane Karamoko
26%
A Benjamin Jeannot
25%
A Jo-Gook Jung
25%
D Tobias Badila
25%
D Adailton
24%
A Arnaud Nordin
24%
G Hugo Constant
24%
M Kenny Rocha Santos
24%
M Serge N'Guessan
24%
A Daniel Niculae
23%
D Abdelhamid El Kaoutari
22%
D Faitout Maouassa
22%
M Grégoire Lefebvre
22%
M Loïc Puyo
22%
D Jean Calvé
21%
A Makhtar Gueye
21%
D Massadio Haidara
21%
M Romain Grange
21%
A Elie Kroupi
20%
M Emmanuel Duchemin
20%
D Helder
20%
M Samba Diakité
20%
M Alfred N'diaye
19%
M Chris Malonga
19%
A Christopher Mandanne
19%
A Paul Alo'o Efoulou
19%
A Anthony Koura
18%
M Lossemy Karaboué
18%
M Ousmane Cissokho
18%
D Rosario Latouchent
18%
D Abdeslam Ouaddou
16%
M Adrian Sarkisian
16%
D David Sauget
16%
D Manuel Da Costa
16%
A Ande Dona Ndoh
15%
A Dorian Bertrand
15%
M Fouad Rachid
15%
D Moustapha Bayal Sall
15%
A Simon Zenke
15%
A Vinni Triboulet
15%
A Cheick Diabaté
14%
D Ibrahim Amadou
14%
M Jonathan Iglesias
14%
A Patrick Eler
14%
M Alexandre Cuvilier
13%
A Basile Camerling
13%
M Edmond Akichi
13%
A Florent Zitte
13%
G Johann Lapeyre
13%
D Loris Néry
13%
D Reynald Lemaitre
13%
A Yann Mabella
13%
A Aurélien Scheidler
12%
D Christopher Wooh
12%
M Fabrice Ehret
12%
D François Bellugou
12%
D Hervé Lybohy
12%
D Nicolas Saint-Ruf
12%
A Veigar Gunnarsson
12%
M Aurélien Nguiamba
11%
M Danilson Da Cruz
11%
D Florian Marange
11%
D Mathias Fischer
11%
A Christopher Maboulou
10%
A Rayan Philippe
10%
A Yanis Barka
10%
A Floyd Ayité
9%
A Junior Joachim
9%
D Geoffrey Adjet
8%
A Gergely Rudolf
8%
M Ludovic Guerriero
8%
A Mons Bassouamina
8%
M Abdou Dampha
7%
A Dagui Bakari
7%
Q Quentin Beunardeau
7%
M Romain Chouleur
7%
G Ronan Le Crom
7%
D Ryan Bidounga
7%
G Thomas Gaudu
7%
D Yassine Jebbour
7%
M Diallo Guideleye
6%
A Jean-Landry Bassilekin
6%
G Rémi Pillot
6%
M Abdoulaye Keita
5%
A Romain Bauchet
5%
M Distel Zola
4%
D Julian Jeanvier
4%
M Mehdi Merghem
4%
M Ziri Hammar
4%
M Momar Faye
2%
M Rachid Hamdani
2%
A Tosin Dusumnu
1%
M Aatif Chahecouhe
0%
D Jordan Liotes
0%
Aucun quiz correspondant
Distribution des résultats
% des personnes avec chaque résultat
Percentile par nombre de réponses
Votre historique - résultats
Vous n’avez pas pris ce quiz